000 00734nam a2200289Ia 4500
005 20260324145234.0
008 008 260324s9999 xx 000 0 eng d
020 _a9780429306129
037 _aEBOOK
040 _aCRL
040 _beng
040 _cCRL
041 _2eng
041 _aeng
084 _qCRL
100 _aMathias Bruch; Ulrich Hiemenz
_91222257
245 0 _aSmall- And Medium-scale Industries In The Asean Countries
245 0 _bAgents Or Victims Of Economic Development?
260 _bTaylor and Francis
260 _c1984
365 _a
365 _b230
856 _uhttp://www.taylorfrancis.com/books/9780429306129
942 _cEBOOK
999 _c1829882
_d1829882